|
|
|
|
| LEADER |
00000nab a2200000 a 4500 |
| 001 |
vtls009312393 |
| 003 |
SK-MaSNL |
| 005 |
20260304151828.0 |
| 008 |
250506c2008 xo ||||||||o |000 b|slo |
| 015 |
|
|
|a SNBRB2008/07
|2 snkbucl
|
| 035 |
|
|
|a (uuid)63716810-bc2e-4356-b0f6-38434c29228d
|
| 035 |
|
|
|a urn:nbn:sk:snk-ab1wnn
|
| 035 |
|
|
|a (urnnbn)urn:nbn:sk:snk:ar-a0154h
|
| 038 |
|
|
|a SNKBUCL
|
| 040 |
|
|
|a SNKBUCL
|b slo
|c SNKBUCL
|e AACR2
|
| 041 |
0 |
|
|a hun
|
| 044 |
|
|
|a xo
|c SK
|
| 080 |
|
|
|a 82.09:821.112.2-31=511.141
|x (048)
|2 1997
|
| 080 |
|
|
|a 821.112.2-31=511.141
|x (048)
|2 1997
|
| 100 |
1 |
|
|a Horváth, Márta,
|d 1969-
|4 aut
|9 1450773
|
| 245 |
1 |
0 |
|a "Berlin blues"
|c Horváth Márta
|
| 300 |
|
|
|b Obr.
|
| 650 |
0 |
7 |
|a spoločenské romány, nemecké
|x recenzie
|2 snkbucl
|9 1062533
|
| 655 |
|
7 |
|a recenzie
|2 snkbucl
|9 21907
|
| 773 |
0 |
|
|t Kalligram : művészet és gondolat
|g Évf. XVII, sz. január (2008), o. 100-101
|x 1335-1826
|
| 787 |
0 |
8 |
|i Rec.:
|a Regener, Sven, 1961-
|t Berlin blues
|d Pozsony : Kalligram, 2007
|z 9788071499268
|
| 850 |
|
|
|a Slovenská národná knižnica
|
| 852 |
|
|
|a Slovenská národná knižnica
|
| 958 |
|
|
|a article27
|
| 958 |
|
|
|a OND
|
| 958 |
|
|
|a HU
|
| 958 |
|
|
|a LX
|
| 958 |
|
|
|a DE
|
| 958 |
|
|
|a RC
|
| 958 |
|
|
|a EUIPO
|
| 999 |
|
|
|c 2946021
|d 2947951
|